Shrinking Cities in Missouri - Statistics

General Stats
  • This quiz has been taken 26 times
  • The average score is 3 of 9
Answer Stats
Population Growth Rate (%) City % Correct
301,578 -5.7 St. Louis
100%
72,473 -5.8 St. Joseph
57%
18,527 -13 Ferguson
38%
16,225 -4.9 Poplar Bluff
33%
35,065 -0.6 University City
29%
17,108 -3.8 Hannibal
24%
25,458 -1.0 Hazelwood
24%
15,955 -0.6 Overland
14%
16,291 -0.2 Sikeston
10%
No matching quizzes found
Score Distribution
Percent of People with Each Score
Percentile by Number Answered
Your Score History
You have not taken this quiz